Catalog

Record Details

Catalog Search



Řád bratří kazatelů čili dominikánů / Jeronym M. Jurák

Record details

  • Physical Description: 70 s. : il. ; 20 cm
  • Publisher: V Olomouci : Jeronym M. Jurák, 1932

Content descriptions

General Note:
Název a údaje o odpovědnosti převzaty z obálky
Subject: Dominikáni
řeholní řády > 13.-20. stol.
dominikánská spiritualita > 13.-20. stol.
řeholní život > 13.-20. stol.
Genre: informační publikace

Available copies

  • 1 of 1 copy available at Common Catalog SPOK.

Holds

  • 0 current holds with 1 total copy.
Show Only Available Copies
Location Call Number / Copy Notes Barcode Shelving Location Status Due Date
Jabok Library CD-8.15.1 424480004413 Odborná literatura Available -

LDR 01270nam a2200373 a 4500
00111198
003CZ-PrJAB
00520160926113715.0
007ta
008051014s1932 xr a grf 000 0 cze
015 . ‡acnb000936760
035 . ‡a(CZ PrSKC)000792994
035 . ‡a(OCoLC)85513259
040 . ‡aBOA001 ‡bcze
080 . ‡a27-789 ‡2MRF
080 . ‡a27-789.33-1/-9 ‡2MRF
080 . ‡a27-788-1/-9 ‡2MRF
080 . ‡a(036) ‡2MRF
1001 . ‡aJurák, Jeronym M., ‡d1907- ‡7jk01052204 ‡4aut
24510. ‡aŘád bratří kazatelů čili dominikánů / ‡cJeronym M. Jurák
260 . ‡aV Olomouci : ‡bJeronym M. Jurák, ‡c1932
300 . ‡a70 s. : ‡bil. ; ‡c20 cm
4901 . ‡aKrystal
500 . ‡aNázev a údaje o odpovědnosti převzaty z obálky
61027. ‡aDominikáni ‡7ko2002101741 ‡2czenas
65007. ‡ařeholní řády ‡7ph116892 ‡y13.-20. stol. ‡2czenas
65007. ‡adominikánská spiritualita ‡7ph307582 ‡y13.-20. stol. ‡2czenas
65007. ‡ařeholní život ‡7ph128285 ‡y13.-20. stol. ‡2czenas
655 7. ‡ainformační publikace ‡7fd132454 ‡2czenas
830 0. ‡aKrystal (Jeronym M. Jurák)
910 . ‡aABG312
901 . ‡a11198 ‡bUnknown ‡c11198 ‡tbiblio

Additional Resources